[Event "EU-ch Schools U11"]
[Site "Tornelo INT"]
[Date "2021.12.03"]
[Round "1"]
[White "Dashunin, Andrey"]
[Black "Hasanli, Ziya"]
[Result "1/2-1/2"]
[WhiteElo "1117"]
[BlackElo "1493"]
[PlyCount "134"]
[EventDate "2021.12.03"]
[EventType "swiss (rapid)"]
[EventRounds "7"]
[EventCountry "NET"]
[SourceTitle "EXT 2023"]
[Source "ChessBase"]
[SourceDate "2022.10.05"]
[SourceVersion "1"]
[SourceVersionDate "2022.10.05"]
[SourceQuality "1"]

1. d4 Nf6 2. Nf3 e6 3. Bf4 d5 4. e3 c5 5. c3 Nc6 6. Bd3 cxd4 7. exd4 Bd6 8. Bg3 0-0 9. Nbd2 Qc7 10. 0-0 Bxg3 11. hxg3 h6 12. Re1 b6 13. Ne5 Nd7 14. Ndf3 Bb7 15. Bb5 a6 16. Bxc6 Bxc6 17. Nxd7 Bxd7 18. Ne5 Rfe8 19. Qh5 Bc6 20. g4 f6 21. Nxc6 Qxc6 22. Re2 Re7 23. Rae1 Qe8 24. Qh3 Qd7 25. g5 f5 26. gxh6 g6 27. Qh4 Rf8 28. Qf4 Kh7 29. g4 Rf6 30. Qe5 Rf8 31. g5 f4 32. Rd2 Rf5 33. Qb8 Rxg5+ 34. Kf1 e5 35. dxe5 Qh3+ 36. Ke2 Rgxe5+ 37. Kd1 Rxe1+ 38. Kc2 Qf5+ 39. Kb3 Qf7 40. Rd4 R1e4 41. Qd6 Rxd4 42. cxd4 Qe6 43. Qxf4 Qc6 44. Qg5 Qb5+ 45. Ka3 Rc7 46. Qe5 Qd3+ 47. b3 Rd7 48. Qe6 Qb5 49. f4 Qa5+ 50. Kb2 Qd2+ 51. Ka3 Qa5+ 52. Kb2 Rc7 53. f5 Qd2+ 54. Ka3 Qc1+ 55. Ka4 Qc6+ 56. Qxc6 Rxc6 57. fxg6+ Kxg6 58. h7 Kxh7 59. Kb4 Kg6 60. Ka4 Kf5 61. a3 Ke4 62. b4 Kxd4 63. Kb3 b5 64. a4 bxa4+ 65. Kxa4 Kc4 66. Ka5 d4 67. b5 axb5 1/2-1/2